banner-ar

حملة مشاعل التكنولوجيا قصة تسعة مخترعين / (Record no. 44251)

MARC details
000 -الفاتح
حقل البيانات ثابتة الطول 00585nam a2200181Ia 4500
008 - عناصر البيانات ثابتة الطول - معلومات عامة
حقل البيانات ثابتة الطول 140319s9999 xx 000 0 ara d
040 ## - مصدر الفهرسة
وكالة الفهرسة الأصلية GCL /
وكالة النسخ GCL
082 04 - رقم تصنيف ديوى العشرى
رقم التصنيف 609
رقم المادة م ح
100 1# - المدخل الرئيسى - إسم شخصى
الإسم الشخصى سيد رمضان هدارة (مترجم)
245 10 - بيان العنوان
العنوان حملة مشاعل التكنولوجيا قصة تسعة مخترعين /
بيان المسئوليه,etc سيد رمضان هدارة (مترجم)
700 1# - المدخل الاضافى - اسم شخصى
الإسم الشخصى مانشستر, هارلاند
490 ## - بيان السلسلة
عنوان السلسلة 100 قصة
رقم المجلد/ التعيين التسلسلي 0
650 04 - المدخل الاضافى بالموضوع-مصطلح موضوعى
مصطلح موضوعي التكنولوجيا
650 04 - المدخل الاضافى بالموضوع-مصطلح موضوعى
مصطلح موضوعي الاختراعات
650 04 - المدخل الاضافى بالموضوع-مصطلح موضوعى
مصطلح موضوعي المخترعون
942 ## - عناصر المدخل الإضافي( كوها)
مصدر التصنيف او مخطط الترفيف Dewey Decimal Classification
Koha [default] item type كتاب
Holdings
حالة التراجع حالة الفقد حالة تلف ليس للاعارة المكان المؤقت الموقع الحالى تاريخ الاكتساب اجمالي اﻻعارات رقم الطلب الباركود تاريخ اخر مشاهدة تاريخ تفعيل السعر نوع وعاء كوها
        مكتبة القاهرة الكبرى مكتبة القاهرة الكبرى 03/26/2014   609\م ح 107827 03/26/2014 03/26/2014 كتاب
        مكتبة القاهرة الكبرى مكتبة القاهرة الكبرى 03/26/2014   609\م ح 107828 03/26/2014 03/26/2014 كتاب
        مكتبة القاهرة الكبرى مكتبة القاهرة الكبرى 03/26/2014   609\م ح 107829 03/26/2014 03/26/2014 كتاب

Powered By

EGPV